Pohybom k aktívnemu zdraviu /

Guardado en:
Detalles Bibliográficos
Autor principal: Minarovjech, Vlastibor (Autor)
Formato: Libro
Lenguaje:eslovaco
Publicado: Bratislava : Šport, 1988
Edición:1.vyd.
Materias:
Etiquetas: Agregar Etiqueta
Sin Etiquetas, Sea el primero en etiquetar este registro!

MARC

LEADER 00000nam a22000003a 4500
001 stu39430
005 20150617225721.8
008 930126s1988----cs------------------slo-d
040 |a STU  |b slo 
041 0 |a slo 
044 |a cs 
080 |a 796.035 
100 1 |a Minarovjech, Vlastibor  |4 aut 
245 1 |a Pohybom k aktívnemu zdraviu /  |c [aut.]Vlastibor Minarovjech 
250 |a 1.vyd. 
260 |a Bratislava :  |b Šport,  |c 1988 
300 |a 156 s 
650 7 |a Športy rekreačné  |2 stusub 
996 |b 284M003002  |c M*4617-1  |l MMKN  |s A  |a 24  |w stu39430_0001